LEADER 02824nas 2200685-a 450 001 996336746403316 005 20230227213019.0 011 $a2331-317X 035 $a(OCoLC)60648403 035 $a(CKB)1000000000210326 035 $a(CONSER)--2007228588 035 $a(EXLCZ)991000000000210326 100 $a19990609a19999999 --- a 101 0 $aeng 135 $aur||||||||||| 181 $ctxt$2rdacontent 182 $cc$2rdamedia 183 $acr$2rdacarrier 200 14$aThe American University journal of gender, social policy & the law 210 $a[Washington, D.C.] $c[Washington College of Law, American University] 300 $aRefereed/Peer-reviewed 300 $aTitle from caption (HeinOnline, viewed Sept. 11, 2007). 311 $a1557-3753 517 3 $aAmerican University journal of gender, social policy, and the law 517 3 $aJournal of gender, social policy & the law 531 $aAM UNIV J GEND SOC POLICY LAW 531 $aAMERICAN UNIVERSITY JOURNAL OF GENDER, SOCIAL POLICY AND THE LAW 606 $aWomen$xLegal status, laws, etc$vPeriodicals 606 $aSex discrimination against women$xLaw and legislation$vPeriodicals 606 $aSex discrimination against women$vPeriodicals 606 $aSocial policy$vPeriodicals 606 $aWomen$xLegal status, laws, etc$zUnited States$vPeriodicals 606 $aSex discrimination against women$xLaw and legislation$zUnited States$vPeriodicals 606 $aSex discrimination against women$zUnited States$vPeriodicals 606 $aSex discrimination against women$2fast$3(OCoLC)fst01114376 606 $aSex discrimination against women$xLaw and legislation$2fast$3(OCoLC)fst01114381 606 $aSocial policy$2fast$3(OCoLC)fst01122738 606 $aWomen$xLegal status, laws, etc$2fast$3(OCoLC)fst01176824 607 $aUnited States$xSocial policy$vPeriodicals 607 $aUnited States$2fast 608 $aPeriodicals.$2fast 610 $aLaw, General & Comparative 615 0$aWomen$xLegal status, laws, etc. 615 0$aSex discrimination against women$xLaw and legislation 615 0$aSex discrimination against women 615 0$aSocial policy 615 0$aWomen$xLegal status, laws, etc. 615 0$aSex discrimination against women$xLaw and legislation 615 0$aSex discrimination against women 615 7$aSex discrimination against women. 615 7$aSex discrimination against women$xLaw and legislation. 615 7$aSocial policy. 615 7$aWomen$xLegal status, laws, etc. 676 $a346.01/34 676 $a342.6134 712 02$aWashington College of Law. 906 $aJOURNAL 912 $a996336746403316 996 $aThe American University journal of gender, social policy & the law$91886359 997 $aUNISA